000 00220nam a22000857a 4500
008 161217b xxu||||| |||| 00| 0 eng d
100 _92099
_aChabbra T.N Etal
245 _aBUsiness Studies XI
260 _aNew Delhi
_bA.P.C
_c2011
999 _c4982
_d4982